| 000 | 00570nam a22001817a 4500 | ||
|---|---|---|---|
| 003 | UA-OsUOA | ||
| 001 | 13950 | ||
| 007 | ta | ||
| 008 | 20030707b un ||||| |||| 00| 0 ukr d | ||
| 100 | _aБасараба В. | ||
| 942 | _cSA | ||
| 040 |
_aUA-OsUOA _cUA-OsUOA _dUA-OsUOA |
||
| 245 | _aНобель на озері Нобель: [З історії та сьогодення с.Нобель Зарічнен. р-ну] | ||
| 300 | _aС.11 | ||
| 955 | _a0 | ||
| 773 | 0 |
_w0 _tВільне слово _dРівне _d2003 _g№47-48/20 черв./ |
|
| 650 | 7 |
_aІсторія _2UDC |
|
| 999 |
_c300111 _d300111 |
||